000 00592nam a2200181Ia 4500
003 GCL
005 20240530103348.0
008 140319s9999 xx 000 0 ara d
040 _aGCL /
_cGCL
082 0 4 _a330.9
_bع ا
100 1 _aحيدر موسى عبدالعظيم
245 1 0 _aالانسان وفلسفة التنمية :
_bازمة مجتمع /
_cحيدر موسى عبدالعظيم
300 _a301 ص
650 0 4 _aالتنمية الاقتصادية
650 0 4 _aالاقتصاد العربى
650 0 4 _aمصر - الاحوال الاقتصادية
942 _2ddc
_cBK
999 _c38816
_d38816